[Event "WC-2011-F-00002"]
[Site "LSS email"]
[Date "2011.11.23"]
[Round "?"]
[White "Barnsley, Anthony R"]
[Black "Calugaru, Viorel"]
[Result "1/2-1/2"]
[WhiteElo "2382"]
[BlackElo "2380"]
[PlyCount "105"]
[EventDate "2011.12.01"]
[EventType "tourn (corr)"]
[EventRounds "14"]
[EventCountry "GER"]
[SourceTitle "Telechess CBM 163"]
[Source "ChessBase"]
[SourceDate "2014.11.11"]
[SourceVersion "2"]
[SourceVersionDate "2014.11.11"]
[SourceQuality "1"]

1. e4 e5 2. Nf3 Nc6 3. Bb5 a6 4. Ba4 Nf6 5. 0-0 Be7 6. Re1 b5 7. Bb3 d6 8. c3 0-0 9. h3 Na5 10. Bc2 c5 11. d4 Qc7 12. Nbd2 Nc6 13. d5 Na5 14. b3 Bd7 15. Nf1 Rfb8 16. Be3 Nb7 17. c4 Na5 18. Bd3 Rb7 19. Ng3 Rab8 20. Nd2 bxc4 21. Bxc4 Nxc4 22. Nxc4 Bb5 23. Rc1 g6 24. Bd2 Bxc4 25. Rxc4 a5 26. Ra4 Ra8 27. Nf1 Nd7 28. Ne3 Bg5 29. Bc3 Bxe3 30. Rxe3 Rb4 31. Ra3 Rb7 32. Qd2 Rba7 33. Ra4 Nf6 34. Re2 Nh5 35. g3 f6 36. Kh2 g5 37. Re1 h6 38. Qe2 Qf7 39. Rf1 Qg6 40. Bd2 Ng7 41. Rg1 f5 42. f4 Re7 43. fxg5 hxg5 44. h4 Rf7 45. Bxg5 fxe4 46. Qxe4 Qxe4 47. Rxe4 Nf5 48. Rc4 Nd4 49. Kh3 Rf3 50. Rd1 Ra7 51. Kg4 Rf2 52. Rd2 Rf1 53. Rb2 1/2-1/2

[Event "WC-2011-F-00002"]
[Site "LSS email"]
[Date "2011.11.23"]
[Round "?"]
[White "Barnsley, Anthony R"]
[Black "Hnatovsky, Nicholas"]
[Result "1-0"]
[WhiteElo "2382"]
[BlackElo "2275"]
[PlyCount "101"]
[EventDate "2011.12.01"]
[EventType "tourn (corr)"]
[EventRounds "14"]
[EventCountry "GER"]
[SourceTitle "Telechess CBM 163"]
[Source "ChessBase"]
[SourceDate "2014.11.11"]
[SourceVersion "2"]
[SourceVersionDate "2014.11.11"]
[SourceQuality "1"]

1. e4 c6 2. d4 d5 3. e5 Bf5 4. Nf3 e6 5. Be2 Ne7 6. 0-0 h6 7. Nbd2 Nd7 8. Nb3 Bh7 9. a4 Ng6 10. a5 Be7 11. Be3 0-0 12. c3 Rc8 13. Bd3 c5 14. dxc5 Bxc5 15. Nxc5 Nxc5 16. Bc2 Ne7 17. Bxh7+ Kxh7 18. b4 Ne4 19. Bxa7 Rxc3 20. Nd4 Rc4 21. Rc1 Rxc1 22. Qxc1 Qa8 23. Bb6 Rc8 24. Qb2 Rc4 25. Rc1 Qc8 26. Ne2 Ng6 27. f3 Ng5 28. Rxc4 Qxc4 29. Bf2 Kg8 30. b5 Nh7 31. h4 Nhf8 32. h5 Ne7 33. Nd4 Nd7 34. Qc2 Qxc2 35. Nxc2 Nxe5 36. a6 bxa6 37. bxa6 Nc8 38. Nb4 Nc4 39. Bc5 N8b6 40. Kf2 Na8 41. Nc6 g6 42. g4 gxh5 43. gxh5 Kg7 44. f4 Nd2 45. Bd4+ Kf8 46. f5 exf5 47. Kg3 Ke8 48. a7 Kd7 49. Ne5+ Ke6 50. Nf3 Ne4+ 51. Kf4 1-0

[Event "WC-2011-F-00002"]
[Site "LSS email"]
[Date "2011.11.23"]
[Round "?"]
[White "Barnsley, Anthony R"]
[Black "Tavani, Alberto"]
[Result "1/2-1/2"]
[WhiteElo "2382"]
[BlackElo "2226"]
[PlyCount "53"]
[EventDate "2011.12.01"]
[EventType "tourn (corr)"]
[EventRounds "14"]
[EventCountry "GER"]
[SourceTitle "Telechess CBM 163"]
[Source "ChessBase"]
[SourceDate "2014.11.11"]
[SourceVersion "2"]
[SourceVersionDate "2014.11.11"]
[SourceQuality "1"]

1. e4 c5 2. Nf3 Nc6 3. Bb5 e6 4. 0-0 Nge7 5. c3 a6 6. Ba4 b5 7. Bb3 Bb7 8. d4 cxd4 9. cxd4 Ng6 10. Qd2 Rc8 11. d5 Na5 12. Qd4 Nxb3 13. axb3 f6 14. Nc3 Bc5 15. Qd3 Qb6 16. Be3 Bxe3 17. Qxe3 Qxe3 18. fxe3 0-0 19. Nd4 Rfe8 20. Rfd1 Ne5 21. h3 h5 22. Nc2 exd5 23. exd5 Nf7 24. e4 Nd6 25. Re1 Ra8 26. Kh2 Re7 27. Ra5 1/2-1/2

[Event "WC-2011-F-00002"]
[Site "LSS email"]
[Date "2011.11.23"]
[Round "?"]
[White "Szabo, Vilmos"]
[Black "Barnsley, Anthony R"]
[Result "1/2-1/2"]
[WhiteElo "2333"]
[BlackElo "2382"]
[PlyCount "98"]
[EventDate "2011.12.01"]
[EventType "tourn (corr)"]
[EventRounds "14"]
[EventCountry "GER"]
[SourceTitle "Telechess CBM 163"]
[Source "ChessBase"]
[SourceDate "2014.11.11"]
[SourceVersion "2"]
[SourceVersionDate "2014.11.11"]
[SourceQuality "1"]

1. d4 Nf6 2. c4 e6 3. Nf3 d5 4. Bg5 Be7 5. e3 h6 6. Bh4 0-0 7. Nc3 b6 8. Be2 Bb7 9. Rc1 dxc4 10. 0-0 Nd5 11. Bg3 Nxc3 12. Rxc3 b5 13. b3 Bb4 14. Rc2 Be4 15. bxc4 Bxc2 16. Qxc2 bxc4 17. Ne5 a5 18. Nxc4 Qe7 19. Qb1 Bd6 20. f4 Nd7 21. Bf3 Ra7 22. Be1 c5 23. Nxa5 Qe8 24. Nb7 Be7 25. Na5 Nf6 26. Nc6 Ra3 27. Qb7 Bd6 28. dxc5 Bxc5 29. Qb5 Bxe3+ 30. Kh1 Rxa2 31. Bb4 Rc2 32. Bxf8 Qxf8 33. f5 exf5 34. Qxf5 Qc5 35. Rd1 Qxf5 36. Ne7+ Kf8 37. Nxf5 Bd2 38. Nd6 Bf4 39. Ne4 Nh7 40. g3 Bc7 41. Rd3 f5 42. Nc3 g6 43. Bd1 Rc1 44. Kg2 Be5 45. Nd5 Ng5 46. Ne3 Ne6 47. Rd2 Nd4 48. Ra2 h5 49. Rd2 Kf7 1/2-1/2

[Event "LSS WC-2013-S-00006"]
[Site "LSS email"]
[Date "2010.07.20"]
[Round "?"]
[White "Barnsley, Anthony R"]
[Black "Putman, Marcel"]
[Result "1/2-1/2"]
[WhiteElo "2371"]
[BlackElo "2260"]
[PlyCount "49"]
[EventDate "2010.07.25"]
[EventType "tourn (corr)"]
[EventRounds "10"]
[EventCountry "GER"]
[SourceTitle "Telechess CBM 143"]
[Source "ChessBase"]
[SourceDate "2011.07.15"]
[SourceVersion "1"]
[SourceVersionDate "2011.07.15"]
[SourceQuality "1"]

1. d4 d5 2. c4 e6 3. Nf3 Nf6 4. g3 dxc4 5. Bg2 Bb4+ 6. Bd2 a5 7. 0-0 0-0 8. Bg5 Nc6 9. e3 h6 10. Bxf6 Qxf6 11. a3 Bd6 12. Nfd2 e5 13. d5 Ne7 14. Nc3 Bd7 15. Nxc4 b5 16. Nxd6 cxd6 17. Qh5 Nc8 18. Qe2 Rb8 19. b4 Qd8 20. Rfc1 Ne7 21. Qd2 Qb6 22. Bf1 a4 23. Rc2 Rbc8 24. Rac1 Rc7 25. Bg2 1/2-1/2

[Event "LSS WC-2013-S-00006"]
[Site "LSS email"]
[Date "2010.07.20"]
[Round "?"]
[White "Barnsley, Anthony R"]
[Black "Wosch, Arkadiusz Janusz"]
[Result "1/2-1/2"]
[WhiteElo "2384"]
[BlackElo "2285"]
[PlyCount "59"]
[EventDate "2010.07.25"]
[EventType "tourn (corr)"]
[EventRounds "10"]
[EventCountry "GER"]
[SourceTitle "Corr 2015"]
[Source "ChessBase"]
[SourceDate "2015.07.17"]
[SourceVersion "1"]
[SourceVersionDate "2015.07.17"]
[SourceQuality "1"]

1. d4 Nf6 2. c4 e6 3. g3 d5 4. Nf3 dxc4 5. Bg2 Nc6 6. Qa4 Bb4+ 7. Bd2 Nd5 8. Bxb4 Ndxb4 9. 0-0 Rb8 10. Na3 0-0 11. Qb5 b6 12. Qxc4 Ba6 13. Nb5 Qd5 14. Qxd5 Nxd5 15. a4 Na5 16. Ne5 Rbd8 17. Nxa7 Nb4 18. Rac1 Rxd4 19. Rxc7 Bxe2 20. Rfc1 f6 21. Nec6 Nbxc6 22. Nxc6 Nxc6 23. R7xc6 Rfd8 24. h3 R8d6 25. Rxd6 Rxd6 26. Rc6 Rxc6 27. Bxc6 e5 28. f3 Bc4 29. b4 Kf7 30. Kf2 1/2-1/2

[Event "LSS WC-2013-S-00006"]
[Site "LSS email"]
[Date "2010.07.20"]
[Round "?"]
[White "Salzmann, Stefan"]
[Black "Barnsley, Anthony R"]
[Result "1/2-1/2"]
[WhiteElo "2161"]
[BlackElo "2386"]
[PlyCount "55"]
[EventDate "2010.07.25"]
[EventType "tourn (corr)"]
[EventRounds "10"]
[EventCountry "GER"]
[SourceTitle "Telechess CBM 143"]
[Source "ChessBase"]
[SourceDate "2011.07.15"]
[SourceVersion "1"]
[SourceVersionDate "2011.07.15"]
[SourceQuality "1"]

1. e4 c5 2. Nf3 e6 3. d4 cxd4 4. Nxd4 a6 5. Nc3 Qc7 6. Bd3 Nc6 7. Be3 Nf6 8. 0-0 b5 9. Qe2 Bb7 10. f4 Nxd4 11. Bxd4 Bc5 12. Bxc5 Qxc5+ 13. Kh1 b4 14. Nb1 0-0 15. Nd2 Bc6 16. Nb3 Qb6 17. Rae1 a5 18. e5 Nd5 19. f5 exf5 20. Rxf5 g6 21. Rff1 d6 22. Nd2 dxe5 23. Nc4 Qc5 24. Nxe5 Rae8 25. Qf3 Re6 26. Nxc6 Rxe1 27. Rxe1 Qxc6 28. h3 1/2-1/2